THE SKILLED HELPER (Record no. 208430)
[ view plain ]
| 000 -LEADER | |
|---|---|
| fixed length control field | 00406nam a22001337a 4500 |
| 008 - FIXED-LENGTH DATA ELEMENTS--GENERAL INFORMATION | |
| fixed length control field | 231123b |||||||| |||| 00| 0 eng d |
| 020 ## - INTERNATIONAL STANDARD BOOK NUMBER | |
| International Standard Book Number | 9780495604310 |
| 100 ## - MAIN ENTRY--PERSONAL NAME | |
| Personal name | GERALD EGAN |
| 245 ## - TITLE STATEMENT | |
| Title | THE SKILLED HELPER |
| Remainder of title | A PROBLEM MANAGEMENT AND OPPORTUNITY DEVELOPMENT APPROACH TO HELPING |
| 250 ## - EDITION STATEMENT | |
| Edition statement | 9TH ED |
| 260 ## - PUBLICATION, DISTRIBUTION, ETC. | |
| Place of publication, distribution, etc. | NYK |
| Name of publisher, distributor, etc. | CENGAGE LEARNING |
| Date of publication, distribution, etc. | 2010 |
| 300 ## - PHYSICAL DESCRIPTION | |
| Extent | XVI, 480P, INCLUDES INDEX |
| 942 ## - ADDED ENTRY ELEMENTS (KOHA) | |
| Source of classification or shelving scheme | Library of Congress Classification |
| Koha item type | Long Loan Book |
| Withdrawn status | Lost status | Source of classification or shelving scheme | Damaged status | Not for loan | Collection | Home library | Current library | Date acquired | Inventory number | Total checkouts | Total renewals | Full call number | Barcode | Date last seen | Date last checked out | Copy number | Price effective from | Koha item type |
|---|---|---|---|---|---|---|---|---|---|---|---|---|---|---|---|---|---|---|
| Library of Congress Classification | Business & Economics | Kisii University Library | Kisii University Library | 11/23/2023 | 40542 | 1 | 1 | BF637.C7 2010 | 006777 | 12/18/2023 | 11/23/2023 | 1 | 11/23/2023 | Long Loan Book |